Theophrastus of Eresus : sources for his life, writings, thought and influence. Commentary volume 8, Sources on rhetoric and poetics (texts 666-713) /
This volume is a commentary on the rhetorical and poetic texts collected in the second volume of Theophrastus of Eresus: Sources for His Life, Writings, Thought, and Influence . The commentary begins with a discussion of the ancient and medieval sources from which the texts are drawn. Next comes dis...
المؤلف الرئيسي:
التنسيق: كتاب الكتروني
اللغة: English
منشور في:
Leiden ; Boston :
Brill,
2005.
سلاسل:
Philosophia Antiqua
97.
Philosophia Antiqua Online, ISBN: 9789004319752.
الموضوعات:
الوصول للمادة أونلاين: Login to view Source
الوسوم: إضافة وسم
رقم الطلب: PA4450 .F67 2005
| LEADER | 03601cam a2200565Ii 4500 | ||
|---|---|---|---|
| 001 | BRILL9789047415190 | ||
| 003 | nllekb | ||
| 005 | 20230529212323.0 | ||
| 006 | m d | ||
| 007 | cr un uuuua | ||
| 008 | 051117s2005 ne sb 001 0deng d | ||
| 020 | |a 9789047415190 |q (electronic book) | ||
| 020 | |z 9789004142473 |q (print) | ||
| 024 | 7 | |a 10.1163/9789047415190 |2 DOI | |
| 035 | |a (OCoLC)62295023 |z (OCoLC)713559076 | ||
| 040 | |a NL-LeKB |c NL-LeKB |e rda | ||
| 043 | |a e-gr--- | ||
| 050 | 4 | |a PA4450 |b .F67 2005 | |
| 072 | 7 | |a HPCA |2 bicssc | |
| 072 | 7 | |a PHI002000 |2 bisacsh | |
| 072 | 7 | |a HPCA |2 bicssc | |
| 072 | 7 | |a PHI002000 |2 bisacsh | |
| 082 | 0 | 4 | |a 185 |2 23 |
| 100 | 1 | |a Fortenbaugh, William W. | |
| 245 | 1 | 0 | |a Theophrastus of Eresus : |b sources for his life, writings, thought and influence. Commentary volume 8, Sources on rhetoric and poetics (texts 666-713) / |c by William W. Fortenbaugh. |
| 246 | 3 | 0 | |a Sources on rhetoric and poetics (texts 666-713) |
| 264 | 1 | |a Leiden ; |a Boston : |b Brill, |c 2005. | |
| 300 | |a 1 online resource (ix, 505 pages) | ||
| 336 | |a text |b txt |2 rdacontent | ||
| 337 | |a computer |b c |2 rdamedia | ||
| 338 | |a online resource |2 rdacarrier | ||
| 490 | 1 | |a Philosophia antiqua, |x 0079-1687 ; |v v. 97 | |
| 504 | |a Includes bibliographical references (p. 427-441) and indexes. | ||
| 505 | 0 | 0 | |t Preliminary material / |r WILLIAM W. FORTENBAUGH -- |t Introduction / |r WILLIAM W. FORTENBAUGH -- |t The Sources / |r WILLIAM W. FORTENBAUGH -- |t Titles of Books / |r WILLIAM W. FORTENBAUGH -- |t The Texts / |r WILLIAM W. FORTENBAUGH -- |t Summary / |r WILLIAM W. FORTENBAUGH -- |t Bibliography of Modern Literature / |r WILLIAM W. FORTENBAUGH -- |t Indices to the Titles and Texts / |r WILLIAM W. FORTENBAUGH -- |t Indices to the Commentary / |r WILLIAM W. FORTENBAUGH -- |t PHILOSOPHIA ANTIQUA / |r K.A. ALGRA , F.A.J. DE HAAS , J. MANSFELD and D.T. RUNIA. |
| 506 | |a Available to subscribing member institutions only. | ||
| 520 | |a This volume is a commentary on the rhetorical and poetic texts collected in the second volume of Theophrastus of Eresus: Sources for His Life, Writings, Thought, and Influence . The commentary begins with a discussion of the ancient and medieval sources from which the texts are drawn. Next comes discussion of the titles of Theophrastus' works on rhetoric and poetics. After that each text is discussed individually. In sum, Theophrastus is shown to be an important, though sometimes seriously misunderstood, contributor to the development of Greek rhetorical and poetic theory. The commentary concludes with a bibliography of the modern scholary literature followed by several indices: important Greek and Latin words, titles of works (non-Theophrastean as well as Theophrastean), persons and places, and subjects discussed in earlier sections of the commentary. | ||
| 559 | 4 | |a PA4450 .F67 2005 | |
| 600 | 0 | 0 | |a Theophrastus. |
| 600 | 0 | 7 | |a Theophrastus. |2 fast |
| 650 | 0 | |a Philosophers |z Greece |x Biography |v Sources. | |
| 650 | 7 | |a Philosophers |x Biography. |2 fast | |
| 651 | 7 | |a Greece. |2 fast | |
| 655 | 7 | |a Sources. |2 fast | |
| 776 | 0 | 8 | |i Print version: |t Theophrastus of Eresus Commentary Volume 8: Sources on Rhetoric and Poetics (Texts 666-713) |d Leiden, Boston : BRILL, 2005, |z 9789004142473 |
| 830 | 0 | |a Philosophia Antiqua |v 97. | |
| 830 | 0 | |a Philosophia Antiqua Online, ISBN: 9789004319752. | |
| 856 | 4 | |z DOI: |u http://dx.doi.org/10.1163/9789047415190 | |
| 942 | |2 lcc |c EBOOK | ||
| 952 | |0 0 |1 0 |2 lcc |4 0 |6 PA4450 F67 02005 |7 1 |9 48753 |a BRILL |b BRILL |d 2023-05-29 |l 0 |o PA4450 .F67 2005 |r 2023-05-29 00:00:00 |w 2023-05-29 |y EBOOK | ||
| 999 | |c 54097 |d 54097 | ||
